000 00317nam a2200133Ia 4500
008 100328s9999 xx 000 0 und d
082 _b37501
100 _aतिबिले अनंत
245 _aबाधा
260 _bअमोल
630 _aबाधा
730 _aबाधा
942 _cBOOK
999 _c526914
_d526911